Stany USA według opisów z Wikipedii #1 - Statystyki

Ogólne statystyki
  • Ten quiz został rozwiązany 9 razy
  • Średni wynik to 6 z 20
Statystyki odpowiedzi
Wskazówka Odpowiedź % Poprawnych
Gdyby był to kraj, byłby piątą co do wielkości gospodarką na świecie Kalifornia
100%
Ponce de León został zauważony i wylądował na półwyspie 2 kwietnia 1513 roku Floryda
75%
Znane powszechnie jako centrum amerykańskiego przemysłu motoryzacyjnego Michigan
75%
Języki mówione: angielski 69,7%, hiszpański 28,5%, nawaho 3,5% Nowy Meksyk
50%
Jedyny stan w USA, który w całości leży powyżej 1000 metrów nad poziomem morza Kolorado
38%
Założona na górnictwie i odnowiona na grzechu - zaczynając od walk bokserskich i łatwych rozwodów sto lat temu, a później rozszerzając się na gry i prostytucję Nevada
38%
Najgęściej zaludniony spośród 50 stanów USA, jego największym miastem jest Newark New Jersey
38%
Znany jest również z wyścigów konnych, destylarni bourbonu, węgla i muzyki bluegrass Kentucky
25%
Konstytucja stanowa z 1812 r. nadała językowi angielskiemu status oficjalny w postępowaniach prawnych, ale używanie języka francuskiego pozostało powszechne Luizjana
25%
Kandydatką McCaina na wiceprezydenta była Sarah Palin, gubernator stanu Alaska
13%
48. stan i ostatni ze stanów sąsiadujących przyjęty do Unii Arizona
13%
George H. W. Bush, 41. prezydent Stanów Zjednoczonych, dorastał w Greenwich Connecticut
13%
Zatoka Chesapeake niemal przecina stan Maryland
13%
Abolicjoniści John Brown i Sojourner Truth mieszkali odpowiednio w Springfield i Northampton Massachusetts
13%
Pseudonimy: Big Sky Country, The Treasure State Montana
13%
USGS uważa Mt. Rainier za najniebezpieczniejszy wulkan w Górach Kaskadowych Waszyngton
13%
Technologie szczelinowania hydraulicznego umożliwiły firmom górniczym wydobycie ogromnych ilości ropy z formacji skalnej łupków Bakken Dakota Północna
0%
Pierwsze w kraju zebranie prezydenckie Iowa
0%
Odegrał centralną rolę w ekspansji Stanów Zjednoczonych na zachód, co upamiętnia Gateway Arch Missouri
0%
Duże wyprawy lądowe, w tym wyprawa lądowa z 1889 r., odbywały się dla osadników, gdzie pewne terytoria były otwierane na osadnictwo od określonego czasu Oklahoma
0%
Nie znaleziono quizów pasujących do podanych kryteriów
Rozkład punktacji
Procent ludzi z każdym wynikiem
Percentyl według liczby udzielonych odpowiedzi
Twoja historia wyników
Nie rozwiązałeś tego quizu